000 00239nam a22000857a 4500
008 170607b xxu||||| |||| 00| 0 eng d
100 _93307
_aKhambadkone. R. M
245 _aThe Summer Tree Contest
260 _aNew Delhi
_bNational Book Trust
_c2003
999 _c6625
_d6625